| 000 | 00407cam a2200169ua 4500 | ||
|---|---|---|---|
| 020 | _c2.25 | ||
| 041 |
_amal _h |
||
| 082 |
_a894.8121 _bVYL/KA |
||
| 100 | _aSreedhara Menon, Vailoppilli. | ||
| 245 |
_aKalpa vallari / _cVyloppilli. _hTextual Documents |
||
| 260 |
_aThrissur : _bCurrent Books , _c1963. |
||
| 300 | _a148 ; . | ||
| 365 | _a2.25 | ||
| 504 | _a | ||
| 942 | _cBK | ||
| 999 |
_c4952 _d4952 |
||